00369 2200157 4500001002100000005001500021035002000036245004500056100001300101300001100114260003000125082000800155084001400163020002200177990001200199INLIS00000000000182220250507073115 a0010-05250001141 aSeni Kerajinan Sulaman /cSoedjono, B.Sc0 aSoedjono a56 hlm aBandung :bAngkasa,c2008 a600 a600 SOE s a978-979-665-552-7 a0754734